Statistics for Countries of Europe in 1860 (With a Map!)

Click here to take the quiz!

General Stats

  • This quiz has been taken 3,886 times
    (3,823 since last reset)
  • The average score is 35 of 56

Answers on the Map

Answers color-coded by a green-red scale on the quiz's map according to % correct below.
 

Answer Stats

Country% Correct
EmpiresRussian Empire
98%
OthersUnited Kingdom
98%
KingdomsDenmark
97%
KingdomsNorway
97%
KingdomsSecond French Empire
97%
EmpiresSpanish Empire
97%
KingdomsSweden
97%
EmpiresAustrian Empire
96%
EmpiresOttoman Empire
96%
KingdomsPortugal
96%
KingdomsBelgium
95%
KingdomsGreece
95%
KingdomsNetherlands
95%
OthersSwiss Confederation
93%
PrincipalitiesAndorra
92%
KingdomsPrussia
92%
Grand DuchiesLuxembourg
91%
PrincipalitiesMonaco
91%
KingdomsTwo Sicilies
91%
OthersRepublic of San Marino
88%
PrincipalitiesLiechtenstein
87%
KingdomsBavaria
86%
PrincipalitiesMontenegro
84%
KingdomsSardinia
84%
OthersPapal States
82%
KingdomsSaxony
72%
Free CitiesHamburg
70%
KingdomsHanover
63%
Grand DuchiesBaden
61%
Free CitiesFrankfurt
60%
KingdomsWürttemberg
59%
Free CitiesBremen
56%
OthersElectorate of Hesse
55%
Grand DuchiesHesse
55%
DuchiesHolstein
54%
OthersHesse-Homburg
48%
Grand DuchiesMecklenburg-Schwerin
44%
DuchiesMecklenburg-Strelitz
42%
Grand DuchiesOldenburg
38%
DuchiesAnhalt
37%
Free CitiesLübeck
34%
DuchiesSaxe-Coburg-Gotha
33%
DuchiesSaxe-Weimar-Eisenach
32%
DuchiesNassau
31%
DuchiesSaxe-Lauenburg
31%
OthersUnited Provinces of Central Italy
31%
DuchiesSaxe-Meiningen
30%
DuchiesSaxe-Altenburg
29%
DuchiesBrunswick
26%
PrincipalitiesLippe
21%
PrincipalitiesReuss-Gera
17%
PrincipalitiesReuss-Greiz
15%
PrincipalitiesSchwarzburg-Rudolstadt
13%
PrincipalitiesSchwarzburg-Sondershausen
13%
PrincipalitiesWaldeck-Pyrmont
12%
PrincipalitiesSchaumburg-Lippe
10%

Score Distribution

Percentile by Number Answered

Percent of People with Each Score

Your Score History

You have not taken this quiz since the last reset